000 00586nam a2200205Ia 4500
005 20250508160754.0
008 008 250505s9999 xx 000 0 eng d
020 _a0-7139-0456-9
037 _aTextual
040 _aFEDL
_beng
_cFEDL
041 _aeng
_2eng
084 _a371.3, GIB
_qFEDL
100 _aGibson Tony
_9769334
245 0 _aTeachers talking : Aims, methods, attitudes to change
260 _aLondon, UK
_bPenguin Press
_c1973
300 _a277p.
650 _aTeacher - Technique
_9755755
942 _cTEXL
_h371.3, GIB
999 _c1366535
_d1366535